Inventari de les publicacions periòdiques que es reben a les biblioteques de Barcelona / a cura de Montserrat Fonoll i Valls i Mª Lluïsa Solà i Llopis
Descripción Física:
338 p. ; 28 cm
MARC
| LEADER | 00000nam a2200000Ia 4500 | ||
|---|---|---|---|
| 001 | 1758 | ||
| 008 | 160829s1982 xx 000 0 cat d | ||
| 080 | |a A-1-63 | ||
| 245 | |a Inventari de les publicacions periòdiques que es reben a les biblioteques de Barcelona / a cura de Montserrat Fonoll i Valls i Mª Lluïsa Solà i Llopis | ||
| 250 | |a 3a ed. | ||
| 260 | |a Barcelona : |b Diputació de Barcelona, Biblioteca de Catalunya, |c 1982 | ||
| 300 | |a 338 p. ; |c 28 cm | ||
| 650 | |a Biblioteques |x Barcelona |x Fons especials |x Revistes |x Catàlegs col·lectius |9 39842 | ||
| 650 | |a Publicacions en sèrie |x Bibliografia |x Catàlegs col·lectius |9 20973 | ||
| 700 | 1 | |a Fonoll i Valls, Montserrat |9 20974 | |
| 700 | |a Solà i Llopis, M. Lluïsa, ed. |9 20975 | ||
| 710 | 1 | |a Biblioteca de Catalunya |9 52741 | |
| 901 | |a Arxiu | ||
| 942 | |n 1 | ||
| 952 | |0 0 |1 0 |4 0 |6 A163 |7 1 |9 41761 |a Arxiu |b Arxiu |d 2016-12-01 |l 0 |o A-1-63 |p 1758 |r 2016-12-01 00:00:00 |w 2016-12-01 |y ARXIU | ||
| 999 | |c 43651 |d 43651 | ||